01239njm a2200265Ia 4500001000600000003000900006005001700015008004100032040001300073040001300086100001300099100001800112100003800130245002700168250001100195260000800206260008200214300001700296300003000313500008800343505041200431511002600843650005200869700005200921H5055IT-RoPAU20220918181156.0131025s9999 xx 000 0 und d aIT-RoPAU cIT-RoPAU aHall Jim eAutore musica gCodice autore musica SPICS: 16189 aJim Hall & Pat Metheny a1a ed. aUSA bTELARC INTERNATIONAL CORPORATIONc1999 [1a Ed.:1999 - Ed. Lingua Orig.: 1999] aCOMPACT DISC c74 minuti (Testo: 0 pag.) aMusica jazz. Il brano Summertime è un arrangiamento del brano di George Gershwin. aLookin' Up (4:34) - All the Things You Are (6:58) - The Birds and the Bees (5:04) - Improvisation n. 1 (1:05) - Falling Grace (4:39) - Ballad Z (4:39) - Summertime (5:35) - Farmer's Trust (5:29) - Cold Spring (6:29) - Improvisation n. 2 (1:11) - Into the Dream (3:05) - Improvisation n. 3 (3:22) - Waiting To Dance (4:38) - Improvisation n. 4 (2:37) - Improvisation n. 5 (2:08) - All Across the City (7:34). aHall Jim, Metheny Pat aJAZZ [COMPACT DISC]eCodice MATERIA SPICS: 9949 aMetheny PateAutoregCodice autore SPICS: 27799